JO d'hiver : En quelle année ces résultats ? - Statistiques

Statistiques générales
  • Ce quiz a été pris 9 fois
    5 depuis la dernière actualisation
  • Le résultat moyen est 11 sur 24
Statistiques - réponses
OR AR BR TOTAL Année ou lieu % Correct
4 4 7 15 2014 | Sotchi
100%
5 7 2 14 2022 | Pékin
100%
5 4 6 15 2018 | Pyeongchang
100%
4 5 2 11 2002 | Salt Lake City
80%
3 2 4 9 2006 | Turin
80%
2 3 6 11 2010 | Vancouver
80%
3 5 1 9 1992 | Tignes-Albertville
60%
0 1 4 5 1994 | Lillehammer
60%
2 1 5 8 1998 | Nagano
60%
2 1 2 5 1948 | Saint-Moritz
40%
3 4 0 7 1964 | Innsbruck
40%
4 3 2 9 1968 | Grenoble
40%
0 1 2 3 1984 | Innsbruck & Sarajevo
40%
0 0 3 3 1924 | Chamonix
20%
1 0 0 1 1928 | Saint-Moritz
20%
1 0 0 1 1932 | Lake Placid
20%
0 0 1 1 1936 | Garmisch-Partenkirchen
20%
0 0 1 1 1952 | Oslo
20%
0 0 0 0 1956 | Cortina d'Ampezzo
20%
1 0 2 3 1960 | Squaw Valley
20%
0 1 2 3 1972 | Sapporo
20%
0 0 1 1 1976 | Örnsköldsvik & Innsbruck
20%
0 0 1 1 1980 | Geilo & Lake Placid
20%
1 0 1 2 1988 | Innsbruck & Calgary
0%
Aucun quiz correspondant
Distribution des résultats
% des personnes avec chaque résultat
Percentile par nombre de réponses
Votre historique - résultats
Vous n’avez pas pris ce quiz depuis la dernière actualisation